000 01618cam a2200301 4500
008 090401t1998 xxu||||| |||| 00| 0 eng d
020 _a1859781896
035 _a(Sirsi) u82772
041 0 _aeng
050 0 4 _a692.8 $2 18
100 1 _aHackett, Jeremy
245 0 0 _aDesign and build
_buses and abuses
260 _aLondon
_bLLP
_c1998
300 _axii, 236p.
_c24cm.
350 _a50
520 _aExamines in detail the key features of the JCT 81 Design and Build contract and, using real life examples, considers its use and the problems that can arise. The second part of the book compares the six other forms of design and build contracts, including BPF/ACA, GC/Works/1 (edition 3), IChemE Model Form, the Engineering and Construction Contract, ICE Design and Construct and FIDIC Conditions of Contract for Design-Build and Turnkey.
650 2 4 _aACA FORM OF BUILDING CONTRACT BRITISH PROPERTY FEDERATION EDITION (1984 EDITION) (1990 REVISION)
650 2 4 _aFIDIC CONDITIONS OF CONTRACT FOR DESIGN-BUILD AND TURNKEY (1995 EDITION)
650 2 4 _aGENERAL CONDITIONS OF CONTRACT FOR BUILDING AND CIVIL ENGINEERING SINGLE STAGE DESIGN AND BUILD VERSION (THIRD EDITION)
650 2 4 _aICE DESIGN AND CONSTRUCT CONDITIONS OF CONTRACT (1992 EDITION)
650 2 4 _aICHEME MODEL FORM OF CONDITIONS OF CONTRACT FOR PROCESS PLANT (THIRD EDITION)
650 2 4 _aJCT STANDARD FORM OF CONTRACT WITH CONTRACTOR'S DESIGN (1981 EDITION)
650 2 4 _aNEC ENGINEERING AND CONSTRUCTION CONTRACT (FIRST EDITION)
651 4 _aInternational
690 _aProcurement
_96260
942 _n0
948 _c18/12/1997
999 _c96832
_d96832